|
|
|
|
| LEADER |
01247nam a2200349Ia 4500 |
| 001 |
EBC232196 |
| 003 |
MiAaPQ |
| 005 |
20200520144314.0 |
| 006 |
m o d | |
| 007 |
cr cn||||||||| |
| 008 |
000815s2002 enk s 000 0 eng d |
| 020 |
|
|
|z 0861767217
|
| 035 |
|
|
|a (MiAaPQ)EBC232196
|
| 035 |
|
|
|a (Au-PeEL)EBL232196
|
| 035 |
|
|
|a (CaPaEBR)ebr10052675
|
| 035 |
|
|
|a (CaONFJC)MIL47872
|
| 035 |
|
|
|a (OCoLC)133162449
|
| 040 |
|
|
|a MiAaPQ
|c MiAaPQ
|d MiAaPQ
|
| 050 |
|
4 |
|a HF5385
|b .M46 2002
|
| 245 |
0 |
0 |
|a Mentoring
|h [electronic resource] /
|c guest editors, David Megginson, Bob Garvey and Paul Stokes.
|
| 260 |
|
|
|a Bradford, England :
|b Emerald Group Publishing,
|c c2002.
|
| 300 |
|
|
|a 57 p.
|
| 490 |
0 |
|
|a Career development international ;
|v v.7, no. 5
|
| 533 |
|
|
|a Electronic reproduction. Ann Arbor, MI : ProQuest, 2015. Available via World Wide Web. Access may be limited to ProQuest affiliated libraries.
|
| 650 |
|
0 |
|a Career development.
|
| 650 |
|
0 |
|a Mentoring in business.
|
| 655 |
|
4 |
|a Electronic books.
|
| 700 |
1 |
|
|a Garvey, Bob.
|
| 700 |
1 |
|
|a Megginson, David.
|
| 700 |
1 |
|
|a Stokes, Paul.
|
| 710 |
2 |
|
|a ProQuest (Firm)
|
| 856 |
4 |
0 |
|u https://ebookcentral.proquest.com/lib/matrademy/detail.action?docID=232196
|z Click to View
|